Central Library OPAC University of Rajshahi

Civil defense : (Record no. 5106)

MARC details
000 -LEADER
fixed length control field 00951cam a2200301 a 4500
001 - CONTROL NUMBER
control field 5106
003 - CONTROL NUMBER IDENTIFIER
rucl marc code BD-RjUL
005 - DATE AND TIME OF LATEST TRANSACTION
control field 20211208234017.0
008 - FIXED-LENGTH DATA ELEMENTS--GENERAL INFORMATION
fixed length control field 131224s1987 nyua b 001 0 eng
020 ## - INTERNATIONAL STANDARD BOOK NUMBER
International Standard Book Number 0883185121 :
035 ## - SYSTEM CONTROL NUMBER
System control number (BD-RjUL)5142
040 ## - CATALOGING SOURCE
Original cataloging agency DLC
Transcribing agency DLC
Modifying agency DLC
-- BD-RjUL
Language of cataloging eng
041 ## - LANGUAGE CODE
Language code of text/sound track or separate title eng
082 00 - DEWEY DECIMAL CLASSIFICATION NUMBER
Classification number 363.350973
Edition number 19
Author mark and year CIV 1987
245 00 - TITLE STATEMENT
Title Civil defense :
Remainder of title a choice of disasters /
Statement of responsibility, etc. edited by John Dowling, Evans M. Harrell.
260 ## - PUBLICATION, DISTRIBUTION, ETC. (IMPRINT)
Place of publication, distribution, etc. New York :
Name of publisher, distributor, etc. American Institute of Physics,
Date of publication, distribution, etc. c1987.
300 ## - PHYSICAL DESCRIPTION
Pagination xvii, 231 p. :
Illustrations ill. ;
Size 25 cm.
504 ## - BIBLIOGRAPHY, ETC. NOTE
Bibliography, etc Filmography: p. [223]-228.
Bibliography, etc Includes bibliographies and index.
650 #0 - SUBJECT ADDED ENTRY--TOPICAL TERM
Topical term or geographic name as entry element Civil defense
Geographic subdivision United States.
9 (RLIN) 16077
Topical term or geographic name as entry element Civil defense.
9 (RLIN) 16078
700 1# - ADDED ENTRY--PERSONAL NAME
Personal name Dowling, John.
Personal name Harrell, Evans M.
710 2# - ADDED ENTRY--CORPORATE NAME
Corporate name or jurisdiction name as entry element American Institute of Physics.
9 (RLIN) 16081
942 ## - ADDED ENTRY ELEMENTS (KOHA)
Source of classification or shelving scheme Dewey Decimal Classification
Koha item type Books
Holdings
Lost status Source of classification or shelving scheme Damaged status Not for loan Collection code Permanent Location Current Location Shelving location Date acquired Source of acquisition Total Checkouts Full call number Date last seen Copy number Koha item type
  Dewey Decimal Classification     Non-fiction Central Library, University of Rajshahi Central Library, University of Rajshahi   09/07/1995 I. C. T. O., Italy   363.350973 CIV 1987 24/12/2013 C-2 Books
  Dewey Decimal Classification   Not For Loan Non-fiction Central Library, University of Rajshahi Central Library, University of Rajshahi Reading Room 09/01/1995     363.350973 CIV 1987 22/12/2016 C-1 Books